<?xml version="1.0" encoding="UTF-8"?>
<record
    xmlns:xsi="http://www.w3.org/2001/XMLSchema-instance"
    xsi:schemaLocation="http://www.loc.gov/MARC21/slim http://www.loc.gov/standards/marcxml/schema/MARC21slim.xsd"
    xmlns="http://www.loc.gov/MARC21/slim">

  <leader>02265nam a2200337 i 4500</leader>
  <controlfield tag="003">DO-SdBNP</controlfield>
  <controlfield tag="005">20250724104936.0</controlfield>
  <controlfield tag="007">ta</controlfield>
  <controlfield tag="008">220608e2022    dr ||||gr|||| 001 edspa d</controlfield>
  <datafield tag="020" ind1=" " ind2=" ">
    <subfield code="a">9789945610543</subfield>
  </datafield>
  <datafield tag="040" ind1=" " ind2=" ">
    <subfield code="a">DO-SdBNP</subfield>
    <subfield code="b">spa</subfield>
    <subfield code="c">BNPHU</subfield>
    <subfield code="e">rda</subfield>
  </datafield>
  <datafield tag="041" ind1=" " ind2=" ">
    <subfield code="a">spa</subfield>
  </datafield>
  <datafield tag="082" ind1=" " ind2="4">
    <subfield code="a">xxx</subfield>
    <subfield code="b">V422h</subfield>
    <subfield code="2">22</subfield>
  </datafield>
  <datafield tag="100" ind1="1" ind2=" ">
    <subfield code="a">Vega B., Wenceslao,</subfield>
    <subfield code="d">1932-</subfield>
    <subfield code="e">autor</subfield>
    <subfield code="4">aut.</subfield>
    <subfield code="9">38670</subfield>
  </datafield>
  <datafield tag="245" ind1="1" ind2="0">
    <subfield code="a">Historia constitucional dominicana /</subfield>
    <subfield code="c">Wenceslao Vega B ; edici&#xF3;n, Leonor Tejeda ; correcci&#xF3;n, Eduardo D&#xED;az Guerra</subfield>
  </datafield>
  <datafield tag="264" ind1=" " ind2="1">
    <subfield code="a">Santo Domingo :</subfield>
    <subfield code="b">Tribunal Constitucional de la Rep&#xFA;blica Dominicana,</subfield>
    <subfield code="c">2022.</subfield>
  </datafield>
  <datafield tag="300" ind1=" " ind2=" ">
    <subfield code="a">533 p&#xE1;ginas ;</subfield>
    <subfield code="c">23 cm.</subfield>
  </datafield>
  <datafield tag="336" ind1=" " ind2=" ">
    <subfield code="a">texto</subfield>
    <subfield code="b">txt</subfield>
    <subfield code="2">rdacontent</subfield>
  </datafield>
  <datafield tag="337" ind1=" " ind2=" ">
    <subfield code="a">sin mediaci&#xF3;n</subfield>
    <subfield code="b">n</subfield>
    <subfield code="2">rdamedia</subfield>
  </datafield>
  <datafield tag="338" ind1=" " ind2=" ">
    <subfield code="a">volumen</subfield>
    <subfield code="b">nc</subfield>
    <subfield code="2">rdacarrier</subfield>
  </datafield>
  <datafield tag="500" ind1=" " ind2=" ">
    <subfield code="a">Incluye datos biogr&#xE1;ficos del autor en la solapa de la cubierta.</subfield>
  </datafield>
  <datafield tag="504" ind1=" " ind2=" ">
    <subfield code="a">Bibliograf&#xED;a : p&#xE1;ginas 525- 533</subfield>
  </datafield>
  <datafield tag="505" ind1="0" ind2=" ">
    <subfield code="a">Presentaci&#xF3;n del magistrado presidente del Tribunal Constitucional de la Rep&#xFA;blica Dominicana. /</subfield>
    <subfield code="r">Dr. Milton Ray Guevara.</subfield>
  </datafield>
  <datafield tag="505" ind1="0" ind2=" ">
    <subfield code="a">Introducci&#xF3;n--</subfield>
    <subfield code="g">Parte I--</subfield>
    <subfield code="t">El constitucionalismo en la historia--</subfield>
    <subfield code="g">Parte II--</subfield>
    <subfield code="t">Las Constituciones impuestas 1801, 1805, 1812, 1816 y 1843--</subfield>
    <subfield code="g">Parte III.</subfield>
    <subfield code="t">El proyecto de Constituci&#xF3;n de Juan Pablo Duarte--</subfield>
    <subfield code="g">Parte IV--</subfield>
    <subfield code="t">La primera Constituci&#xF3;n dominicana. San Crist&#xF3;bal, 6 de noviembre de 1844--</subfield>
    <subfield code="g">Parte V--</subfield>
    <subfield code="t">Otras constituciones de la Primera Rep&#xFA;blica 1844-1861---</subfield>
    <subfield code="g">Parte VI.</subfield>
    <subfield code="t">Las constituciones de la Segunda Rep&#xFA;blica 1865- 1896--</subfield>
    <subfield code="g">Parte VII--</subfield>
    <subfield code="t">Las constituciones de principio de siglo XX 1907 - 1929--</subfield>
    <subfield code="g">Parte VII--</subfield>
    <subfield code="t">Las constituciones en el per&#xED;odo de la dictadura de Trujillo 1930 - 1961--</subfield>
    <subfield code="g">Parte IX--</subfield>
    <subfield code="t">Las constituciones del per&#xED;odo de transici&#xF3;n a la democracia 1962-1966--</subfield>
    <subfield code="g">Parte X--</subfield>
    <subfield code="t">Las constituciones modernas 1994 y 2002--</subfield>
    <subfield code="g">Parte XI--</subfield>
    <subfield code="t">La constituci&#xF3;n de la Consulta Popular del 26 de enero de 2010--</subfield>
    <subfield code="g">Parte XII--</subfield>
    <subfield code="t">La Constituci&#xF3;n vigente del 13 de junio de 2015--</subfield>
    <subfield code="g">Parte XIII--</subfield>
    <subfield code="t">La Jurisdicci&#xF3;n y la doctrina constitucional dominicana.</subfield>
  </datafield>
  <datafield tag="590" ind1=" " ind2=" ">
    <subfield code="a">Inventariado 2022 / MF</subfield>
  </datafield>
  <datafield tag="650" ind1=" " ind2="4">
    <subfield code="9">5439</subfield>
    <subfield code="a">Historia onstitucional</subfield>
    <subfield code="z">Rep&#xFA;blica Dominicana</subfield>
  </datafield>
  <datafield tag="700" ind1="1" ind2=" ">
    <subfield code="a">Tejeda, Leonor ,</subfield>
    <subfield code="e">editor</subfield>
    <subfield code="4">ed.</subfield>
    <subfield code="9">81038</subfield>
  </datafield>
  <datafield tag="700" ind1="1" ind2=" ">
    <subfield code="a">D&#xED;az Guerra, Eduardo,</subfield>
    <subfield code="e">corrector</subfield>
    <subfield code="4">corr.</subfield>
    <subfield code="9">6661</subfield>
  </datafield>
  <datafield tag="910" ind1=" " ind2=" ">
    <subfield code="a">MFeliz</subfield>
  </datafield>
  <datafield tag="942" ind1=" " ind2=" ">
    <subfield code="2">ddc</subfield>
    <subfield code="c">LBS1</subfield>
  </datafield>
  <datafield tag="952" ind1=" " ind2=" ">
    <subfield code="0">0</subfield>
    <subfield code="1">0</subfield>
    <subfield code="2">ddc</subfield>
    <subfield code="5">1</subfield>
    <subfield code="7">0</subfield>
    <subfield code="8">PD</subfield>
    <subfield code="a">BNPHU</subfield>
    <subfield code="b">BNPHU</subfield>
    <subfield code="c">BD</subfield>
    <subfield code="d">2022-04-28</subfield>
    <subfield code="e">Dep&#xF3;sito legal </subfield>
    <subfield code="o">BNPHU PD V422h</subfield>
    <subfield code="p">2022-2808</subfield>
    <subfield code="r">2022-06-08</subfield>
    <subfield code="w">2022-06-08</subfield>
    <subfield code="y">LBS1</subfield>
  </datafield>
  <datafield tag="952" ind1=" " ind2=" ">
    <subfield code="0">0</subfield>
    <subfield code="1">0</subfield>
    <subfield code="2">ddc</subfield>
    <subfield code="5">1</subfield>
    <subfield code="7">0</subfield>
    <subfield code="8">PD</subfield>
    <subfield code="a">BNPHU</subfield>
    <subfield code="b">BNPHU</subfield>
    <subfield code="c">BD</subfield>
    <subfield code="d">2022-04-28</subfield>
    <subfield code="e">Dep&#xF3;sito legal </subfield>
    <subfield code="l">0</subfield>
    <subfield code="o">BNPHU PD V422h</subfield>
    <subfield code="p">2022-2809</subfield>
    <subfield code="r">2022-06-08</subfield>
    <subfield code="t">e.2</subfield>
    <subfield code="w">2022-06-08</subfield>
    <subfield code="y">LBS1</subfield>
  </datafield>
  <datafield tag="952" ind1=" " ind2=" ">
    <subfield code="0">0</subfield>
    <subfield code="1">0</subfield>
    <subfield code="2">ddc</subfield>
    <subfield code="5">6</subfield>
    <subfield code="7">0</subfield>
    <subfield code="8">DS</subfield>
    <subfield code="a">BNPHU</subfield>
    <subfield code="b">BNPHU</subfield>
    <subfield code="c">CT</subfield>
    <subfield code="d">2022-04-28</subfield>
    <subfield code="e">Dep&#xF3;sito legal </subfield>
    <subfield code="o">BNPHU DS V422h</subfield>
    <subfield code="p">2022-2810</subfield>
    <subfield code="r">2022-06-08</subfield>
    <subfield code="t">e.3</subfield>
    <subfield code="w">2022-06-08</subfield>
    <subfield code="y">LBS1</subfield>
  </datafield>
  <datafield tag="952" ind1=" " ind2=" ">
    <subfield code="0">0</subfield>
    <subfield code="1">0</subfield>
    <subfield code="2">ddc</subfield>
    <subfield code="5">6</subfield>
    <subfield code="7">0</subfield>
    <subfield code="8">DS</subfield>
    <subfield code="a">BNPHU</subfield>
    <subfield code="b">BNPHU</subfield>
    <subfield code="c">CT</subfield>
    <subfield code="d">2022-11-16</subfield>
    <subfield code="e">Donaci&#xF3;n</subfield>
    <subfield code="o">BNPHU DS V422h</subfield>
    <subfield code="p">2022-5456</subfield>
    <subfield code="r">2022-11-16</subfield>
    <subfield code="t">e.4</subfield>
    <subfield code="w">2022-11-16</subfield>
    <subfield code="y">LBS1</subfield>
  </datafield>
  <datafield tag="952" ind1=" " ind2=" ">
    <subfield code="0">0</subfield>
    <subfield code="1">0</subfield>
    <subfield code="2">ddc</subfield>
    <subfield code="5">6</subfield>
    <subfield code="7">0</subfield>
    <subfield code="8">DS</subfield>
    <subfield code="a">BNPHU</subfield>
    <subfield code="b">BNPHU</subfield>
    <subfield code="c">CT</subfield>
    <subfield code="d">2022-11-16</subfield>
    <subfield code="e">Donaci&#xF3;n</subfield>
    <subfield code="o">BNPHU DS V422h</subfield>
    <subfield code="p">2022-5457</subfield>
    <subfield code="r">2022-11-16</subfield>
    <subfield code="t">e.5</subfield>
    <subfield code="w">2022-11-16</subfield>
    <subfield code="y">LBS1</subfield>
  </datafield>
  <datafield tag="999" ind1=" " ind2=" ">
    <subfield code="c">51960</subfield>
    <subfield code="d">51960</subfield>
  </datafield>
</record>
